<?xml version="1.0" encoding="UTF-8"?>
<record
    xmlns:xsi="http://www.w3.org/2001/XMLSchema-instance"
    xsi:schemaLocation="http://www.loc.gov/MARC21/slim http://www.loc.gov/standards/marcxml/schema/MARC21slim.xsd"
    xmlns="http://www.loc.gov/MARC21/slim">

  <leader>00374    a2200109   4500</leader>
  <controlfield tag="001">ART_49210</controlfield>
  <controlfield tag="005">20260410162033.0</controlfield>
  <controlfield tag="008">260409a                                 </controlfield>
  <datafield tag="245" ind1="1" ind2="0">
    <subfield code="a">Petroleros privados. CCT 644/2012. Neuqu&#xE9;n, R&#xED;o Negro y La Pampa. Nuevas actas acuerdo</subfield>
  </datafield>
  <datafield tag="100" ind1="1" ind2=" ">
    <subfield code="a">Di Lucente, Mauro S.</subfield>
  </datafield>
  <datafield tag="773" ind1="0" ind2=" ">
    <subfield code="t">Liquidaci&#xF3;n de sueldos</subfield>
    <subfield code="g">- N&#xBA; 158 (jul. 2019)</subfield>
    <subfield code="w">REV44399</subfield>
  </datafield>
  <datafield tag="999" ind1=" " ind2=" ">
    <subfield code="c">34164</subfield>
    <subfield code="d">34164</subfield>
  </datafield>
</record>
